| 000 | 00735nam0a22002531 4500 | ||
|---|---|---|---|
| 001 | RU\NLR\INFOCOMM_253\5000024164 | ||
| 005 | 20250613093904.0 | ||
| 035 | _a(NLR Aleph) 009229338 | ||
| 090 |
_a8856133 _c8856133 |
||
| 100 | _a20100616d1939 |||y0rusy50 ca | ||
| 101 | 0 | _afre | |
| 102 | _aRU | ||
| 105 | _aa ||||000|y | ||
| 200 | 1 |
_aCroisières en URSS _fIntourist |
|
| 210 |
_a[Moscou] _cMezhdunarodnaja kniga _d[1939] |
||
| 215 |
_a[24] с. _cил. _d29 см |
||
| 300 | _aБез тит. л. Описано по обл. | ||
| 607 |
_aСССР _jПутеводители _2nlr_sh1 |
||
| 712 | 0 | 2 |
_aIntourist _4570 |
| 801 | 1 |
_aRU _bNLR _c20100616 |
|
| 801 | 0 |
_aRU _bNLR _gPSBO |
|
| 852 |
_aNLR _jD13/89 _y2 экз. |
||
| 942 | _cBOOK | ||
| 980 | _aNB | ||